Quarterbacks - Sudden Death - Statistics

General Stats
  • This quiz has been taken 83 times
    82 since last reset
  • The average score is 16 of 19
Answers on the Grid
Answers color-coded by a green-red scale on the quiz's grid according to % correct below.
Patrick Mahomes
Trevor Lawrence
Brock Purdy
Davante Adams
Tyreek Hill
Joe Burrow
CeeDee Lamb
Justin Jefferson
Josh Allen
Chris Jones
C.J. Stroud
Jalen Hurts
Dak Prescott
Tua Tagovailoa
Stefon Diggs
Drake Maye
Trent Williams
Lamar Jackson
Justin Fields
Myles Garrett
Christian McCaffrey
Derrick Henry
Aaron Rodgers
Bo Nix
Saquon Barkley
T.J. Watt
Bryce Young
Micah Parsons
Travis Kelce
Jordan Love
Baker Mayfield
Jared Goff
Caleb Williams
 
Answer Stats
Answer % Correct
Patrick Mahomes
99%
Josh Allen
91%
Aaron Rodgers
88%
Brock Purdy
88%
Dak Prescott
87%
Joe Burrow
87%
Tua Tagovailoa
87%
Trevor Lawrence
85%
Drake Maye
84%
Jalen Hurts
84%
Lamar Jackson
84%
Baker Mayfield
82%
C.J. Stroud
82%
Bo Nix
81%
Caleb Williams
81%
Jared Goff
81%
Bryce Young
79%
Justin Fields
79%
Jordan Love
76%
No matching quizzes found
Score Distribution
Percent of People with Each Score
Percentile by Number Answered
Your Score History
You have not taken this quiz since the last reset